Игра в бисер: роман; пер. с нем.

Manylion Llyfryddiaeth
Prif Awdur: Гессе Г. Герман
Crynodeb:Перед вами — книга, без которой немыслима вся культура постмодернизма Европы — в литературе, в кино, в театре. Что это — гениальный авангардистский роман, стилизованный под философию сюрреализма, или гениальное философское эссе, стилизованное под сюрреалистический роман? Пожалуй, теперь это и не важно. Важно одно — идут годы и десятилетия, а изысканной, болезненной и эзотеричной "игре в бисер" по-прежнему нет конца. Ибо такова игра, в которую играют лучшие из людей...
Iaith:Rwseg
Cyhoeddwyd: Москва, АСТ, 2011
Cyfres:Зарубежная классика
Pynciau:
Fformat: Llyfr
KOHA link:https://koha.lib.tpu.ru/cgi-bin/koha/opac-detail.pl?biblionumber=213784

MARC

LEADER 00000nam0a2200000 4500
001 213784
005 20231101225837.0
010 |a 9785170755349 
010 |a 978-5-271-37744-0 
010 |a 978-5-226-04245-4 
035 |a (RuTPU)RU\TPU\book\233615 
090 |a 213784 
100 |a 20120418d2011 m y0rusy50 ca 
101 1 |a rus  |c ger 
102 |a RU 
105 |a y z 000ay 
200 1 |a Игра в бисер  |e роман  |e пер. с нем.  |f Г. Гессе 
210 |a Москва  |c АСТ  |c Астрель  |a Владимир  |c ВКТ  |d 2011 
215 |a 462 с. 
225 1 |a Зарубежная классика 
330 |a Перед вами — книга, без которой немыслима вся культура постмодернизма Европы — в литературе, в кино, в театре. Что это — гениальный авангардистский роман, стилизованный под философию сюрреализма, или гениальное философское эссе, стилизованное под сюрреалистический роман? Пожалуй, теперь это и не важно. Важно одно — идут годы и десятилетия, а изысканной, болезненной и эзотеричной "игре в бисер" по-прежнему нет конца. Ибо такова игра, в которую играют лучшие из людей... 
610 1 |a немецкая литература 
610 1 |a психологическая проза 
610 1 |a романы 
675 |a 83  |v 3 
700 1 |a Гессе  |b Г.  |c немецкий писатель  |c мастер психологического символизма  |f 1877-1962  |g Герман  |2 stltpush  |3 (RuTPU)RU\TPU\pers\12868  |4 070  |9 3688 
801 1 |a RU  |b 63413507  |c 20120418 
801 2 |a RU  |b 63413507  |c 20220603  |g RCR 
942 |c BK